000 00906naa a22002777a 4500
001 BR6600423
003 BR-BrBNA
005 20240918173308.0
007 ta
008 230509b bl.||||| |||| 00| 0 por d
040 _aBR-BrBNA
_bpor
_cBiblioteca Nacional de Agricultura
041 _a(Pt)
072 _aF61
090 _aF61 BR6600423
100 1 _aMalavolta, E.
245 1 _aDistribuicao do Zn65 no tomateiro [absorcao, isotopo]
260 3 _aPiracicaba, SP (Brasil):
_c1963.
500 _aCurso latino-americano de radioisotopos na agricultura Piracicaba, SP (Brasil): 1963. p. 438-440 (BR6600423-AM)F61
650 _aTOMATE
650 _aABSORCAO
650 _aZINCO
650 _aISOTOPO
773 0 _tCurso latino-americano de radioisotopos na agricultura
_wF61 BR6600423
_gPiracicaba, SP (Brasil), 1963. p. 438-440
909 _a202404
_bLucia
_c55
_dLucia Elande
942 _cAM
_2AGRIS
999 _c303821
_d303821